000 00209 a2200097 4500
001 47416
100 _aFeis H
245 _aJapan subdued
260 _aLondon
_bPrinceton new jersey
_c
090 _c30444
_d30444
942 _aNUST-CAE
_cM
_c22719
999 _c282489
_d282489